| 000 -ლიდერი |
| ფიქსირებული სიგრძის საკონტროლო ველი |
01937nam a22002417a 4500 |
| 003 - საკონტროლო ნომრის იდენტიფიკატორი |
| საკონტროლო ველი |
Ge_BSU |
| 005 - ბოლო ოპერაციის თარიღი და დრო |
| საკონტროლო ველი |
20230626150935.0 |
| 008 - ფიქსირებული სიგრძის მონაცემთა ელემენტები - ზოგადი ინფორმაცია |
| ფიქსირებული სიგრძის საკონტროლო ველი |
230626b1981 ge ||||| |||| 00| 0 geo d |
| 041 ## - ენის კოდი |
| Language code of text/sound track or separate title |
geo |
| 080 ## - უნივერსალური ათობითი კლასიფიკაციის ინდექსი |
| Universal Decimal Classification number |
94(479.22)"14"(093უცხ.) მ-50 |
| 245 ## - ცნობა სათაურის შესახებ |
| Title |
XV საუკუნის იტალიელ მოგზაურთა ცნობები საქართველოს შესახებ = Сведения итальянских путешественников XV века о Грузии / |
| Statement of responsibility, etc |
იტალ. თარგმნა, შესავალი, შენიშვნები და საძიებლები დაურთო ელდარ მამისთვალიშვილმა; ტომის რედ. ჯ. ოდიშვილი. |
| 264 ## - წარმოების, გამოცემის, დისტრიბუციის და სხვა ცნობები |
| გამოცემის, წარმოების, დისტრიბუციის... ადგილი |
თბილისი : |
| გამოცემის, წარმოების, დისტრიბუციის... სახელწოდება |
მეცნიერება, |
| გამოცემის, წარმოების, დისტრიბუციის... თარიღი |
1981. |
| 300 ## - ფიზიკური აღწერა |
| Extent |
101 გვ. ; |
| Other physical details |
21 სმ. |
| 490 ## - სერიის ცნობა |
| Series statement |
საქართველოს ისტორიის წყაროები ; 26 საქართველოს ისტორიის უცხოური წყაროები ; XIV |
| 501 ## - შენიშვნა თანმხლებ მასალაზე |
| With note |
საძიებლები: გვ. 92-101. |
| 520 ## - SUMMARY, ETC. |
| Summary, etc |
რეზ. რუს. და ინგლ. |
| 653 ## - INDEX TERM--UNCONTROLLED |
| Uncontrolled term |
მოგზაურობა საქართველოში. იტალიელი მოგზაურები |
| 653 ## - INDEX TERM--UNCONTROLLED |
| Uncontrolled term |
საქართველოს ისტორია -- XV ს. -- უცხოური წყაროები |
| 700 ## - ADDED ENTRY--PERSONAL NAME |
| Personal name |
მამისთვალიშვილმა, ელდარ |
| Relator term |
მთარგმნელი |
| 9 (RLIN) |
18976 |
| 700 ## - ADDED ENTRY--PERSONAL NAME |
| Personal name |
ოდიშვილი, ჯ. |
| Relator term |
ტომის რედაქტორი |
| 9 (RLIN) |
18584 |
| 710 ## - ADDED ENTRY--CORPORATE NAME |
| Corporate name or jurisdiction name as entry element |
საქ. სსრ მეცნ. აკადემია |
| Subordinate unit |
საქ. ისტორიის წყაროების კომისია |
| 9 (RLIN) |
18975 |
| 942 ## - ADDED ENTRY ELEMENTS (KOHA) |
| Source of classification or shelving scheme |
|
| Koha item type |
წიგნი |